| 000 | 00732cam a2200265 4500 | ||
|---|---|---|---|
| 001 | 10330 | ||
| 003 | BD-RjUL | ||
| 005 | 20211208234933.0 | ||
| 008 | 140123s1969 enka 001 0 eng | ||
| 020 | _a0713515686 | ||
| 035 | _a(BD-RjUL)10378 | ||
| 040 |
_aDLC _cDLC _dBD-RjUL _beng |
||
| 041 | _aeng | ||
| 082 | 0 | 0 |
_a547.13 _bINS 1969 |
| 100 | 1 |
_aIngold, C. K. _d1893- _931912 |
|
| 245 | 1 | 0 |
_aStructure and mechanism in organic chemistry / _cby C. K. Ingold. |
| 250 | _a2nd ed. | ||
| 260 |
_aLondon : _bBell, _c1969. |
||
| 300 |
_aix, 1266 p. : _billus. ; _c24 cm. |
||
| 504 | _aIncludes index. | ||
| 650 | 0 |
_aPhysical organic chemistry. _931913 |
|
| 942 |
_2ddc _cBK |
||
| 999 |
_c10330 _d10330 |
||